000 00646cam a22002413a 4500
001 22426
003 PGUSA
005 20140828083457.0
008 070829s2007||||xxu|||||s|||||000 1 eng d
040 _aPGUSA
_beng
042 _adc
050 4 _aPS
100 1 _aCole, Everett B.,
_d1918-1977
245 1 4 _aThe Players
_h[electronic resource] /
_cEverett B. Cole
260 _bProject Gutenberg,
_c2007
506 _aPublic domain in the USA.
516 _aElectronic text
653 _aShort stories
653 _aScience fiction
830 0 _aProject Gutenberg
_v22426
856 4 0 _uhttp://www.gutenberg.org/ebooks/22426
942 _cEB
999 _c251681
_d251681